| Tag |
First Indicator |
Second Indicator |
Subfields |
| LEADER |
00000cam a2200000 4500 |
| 001 |
in00003878747 |
| 005 |
20190415192834.0 |
| 006 |
m o d |
| 007 |
cr |n||||||||n |
| 008 |
830808s1741 xxu|||| o 00| | eng c |
| 035 |
|
|
|a (CU-RivES)W28292
|
| 035 |
|
|
|a (Uk-ES)006454369
|
| 035 |
|
|
|a (OCoLC)511163159
|
| 040 |
|
|
|a MWA
|c MWA
|d CU-RivES
|d CStRLIN
|d Cengage Gale
|d UtOrBLW
|
| 050 |
|
4 |
|a Z1215
|b .W358 1741
|
| 100 |
1 |
|
|a Walter, Nathanael,
|d 1711-1776.
|0 http://id.loc.gov/authorities/names/n83165748
|
| 245 |
1 |
4 |
|a The thoughts of the heart the best evidence of a man's spiritual state :
|b A discourse from Proverbs xxiii. 7. By the Reverend Mr. Nathanael Walter. Pastor of the Second Church in Roxbury.
|
| 264 |
|
3 |
|a Boston :
|b Printed and sold by Rogers and Fowle at the printing-office over-against the south-east corner of the town-house. Also sold by N. Procter at the Bible and Dove in Fish-Street, and M. Dennis near Scarlet's Wharfe,
|c 1741.
|
| 300 |
|
|
|a 1 online resource (31, 1 unnumbered pages)
|
| 336 |
|
|
|a text
|b txt
|2 rdacontent
|
| 337 |
|
|
|a computer
|b c
|2 rdamedia
|
| 338 |
|
|
|a online resource
|b cr
|2 rdacarrier
|
| 500 |
|
|
|a Half-title: Mr. Walter's sermon on the evidence of a man's spiritual state. Preach'd at a monthly evening lecture at the New-South Meeting-House in Boston, May 13. 1741.
|
| 500 |
|
|
|a Running title: The evidence of a man's spiritual state.
|
| 509 |
|
|
|a Signatures: [A]⁴ B-D⁴ (D4 verso blank)
|
| 510 |
4 |
|
|a Evans,
|c 4832
|
| 510 |
4 |
|
|a English Short Title Catalog,
|c W28292.
|
| 500 |
|
|
|a Reproduction of original from Boston Public Library.
|
| 500 |
|
|
|a Electronic resource.
|
| 650 |
|
0 |
|a Spiritual life.
|0 http://id.loc.gov/authorities/subjects/sh85126758
|
| 655 |
|
7 |
|a Electronic books.
|2 local
|
| 655 |
|
7 |
|a Sermons
|y 1741.
|2 rbgenr
|
| 700 |
1 |
|
|a Rogers, Gamaliel,
|d 1704-1775,
|e printer.
|0 http://id.loc.gov/authorities/names/n88077520
|
| 700 |
1 |
|
|a Fowle, Daniel,
|d 1715-1787,
|e printer.
|0 http://id.loc.gov/authorities/names/n85028295
|
| 700 |
1 |
|
|a Fowle, John,
|d 1714-1764,
|e printer.
|0 http://id.loc.gov/authorities/names/n85323044
|
| 700 |
1 |
|
|a Proctor, Nathanael,
|d -1766,
|e bookseller.
|0 http://id.loc.gov/authorities/names/n88115522
|
| 700 |
1 |
|
|a Dennis, Michael,
|d 1715-1763,
|e bookseller.
|0 http://id.loc.gov/authorities/names/n85247791
|
| 710 |
2 |
|
|a Gale (Firm)
|0 http://id.loc.gov/authorities/names/no2008071348
|
| 740 |
0 |
|
|a Evidence of a man's spiritual state.
|
| 752 |
|
|
|a United States
|b Massachusetts
|d Boston.
|
| 856 |
4 |
0 |
|u http://proxy.library.tamu.edu/login?url=http://find.galegroup.com/ecco/infomark.do?contentSet=ECCOArticles&docType=ECCOArticles&bookId=1404601000&type=getFullCitation&tabID=T001&prodId=ECCO&docLevel=TEXT_GRAPHICS&version=1.0&source=library&userGroupName=txshracd2898
|z Connect to the full text of this electronic book
|t 0
|
| 999 |
f |
f |
|s 1dd42161-8888-36bf-9f8c-2578d54f6479
|i 941e2a5f-10b1-36a6-8ebc-d57cdb6bf759
|t 0
|
| 952 |
f |
f |
|a Texas A&M University
|b College Station
|c Electronic Resources
|d Available Online
|t 0
|e Z1215 .W358 1741
|h Library of Congress classification
|
| 998 |
f |
f |
|a Z1215 .W358 1741
|t 0
|l Available Online
|